| 000 | 01453nam a2200205Ia 4500 | ||
|---|---|---|---|
| 003 | Ost | ||
| 005 | 20260507075000.0 | ||
| 008 | 260507s9999||||xx |||||||||||||| ||und|| | ||
| 040 | _cfsecg | ||
| 041 | _aara | ||
| 082 | _a657 | ||
| 100 |
_aسعادة، يوسف مصطفى _eمؤلف |
||
| 245 | 0 |
_aمحاسبة شركات الأموال / _c يوسف مصطفى سعادة |
|
| 260 |
_aعمان: _bدار المناهج, _c2002 |
||
| 300 |
_a434 صفحة؛ _bإيضاحات ؛ _c23 سم |
||
| 504 | _aببليوغرافيا:ص.429-434 | ||
| 520 | _aالتعريف بالشركات المساهمة وإدارتها،تقديم رأس المال تمويل الشركة المساهمة،التمويل بالإقتراض السندات والتأجير،الاستثمارات في الأسهم والسندات قصيرة وطويلة الأجل،الحسابات الختامية والقوائم الماليةللشركات المساهمة،قائمة التدفقات النقدية مصادر الأموال واستخدامها،انقضاء شركات الأموال،أنواع أخرى من الشركات المساهمة الشركة ذات المسؤولية المحدودة وشركة التوصية بالأسهم،أنواع أخرى من الشركات الشركات المدنية (الشركات عند المسلمين،تحول الشركات وخصخصتها | ||
| 653 | _aالشركات-محاسبة | ||
| 942 | _cكتاب | ||
| 999 |
_c42064 _d42064 |
||